000 00255nam a22001217a 4500
003 SGT
020 _a978-81-85790-14-5
245 _aPHARMACEUTICS-I
250 _a9th
260 _aNIRALI, PRAKASH
_bPUNE
_c2014
650 _aPHARMACEUTICS
942 _2ddc
_cBK
999 _c24697
_d24697